Steam Games by Description - Statistics

General Stats
  • This quiz has been taken 137 times
  • The average score is 8 of 30
Answer Stats
Hint Answer % Correct
You use Portals Portal 2
75%
Pixel farming game Stardew Valley
72%
Cowboy Game Red Dead Redemption 2
63%
VR Half-Life Half-Life Alyx
53%
Fire lookout in Wyoming Firewatch
45%
Zombie 4 Player Left 4 Dead 2
44%
2020 Most popular game Among Us
39%
You build a boat Raft
38%
Extremely Hard Elden Ring
36%
Greek Rogue Like Hades
36%
Hazmat Horror Game Lethal Company
36%
pretty much just CSGO Counter Strike 2
33%
Zoo Building Game Planet Zoo
29%
City Builder Cities Skylines
25%
Mountian Rage Game Getting Over It
21%
"Little" Horror Game Little Nightmares 2
18%
Cross America with girl The Last of Us
18%
Playable South Park Episode South Park: Stick of Truth
16%
Mining Roguelike Spelunky
15%
Insane Shooter Ultrakill
12%
Commit crimes in knockoff LA Grand Theft Auto Five
11%
You can't blink Before Your Eyes
9%
Underground Roguelike Hollow Knight
9%
You have to Organize A Little to the Left
7%
Cross a Desert Journey
7%
You eat bugs Bugsnax
6%
You kill a ton of people People Playground
4%
Take Down a Drug Empire High on Life
3%
Reverse City Builder Terra Nil
3%
1960s Shooter Team Fortress Two
2%
No matching quizzes found
Score Distribution
Percent of People with Each Score
Percentile by Number Answered
Your Score History
You have not taken this quiz